00321cam a22000977a 4500008004000000082001800040245009600058260001800154300000800172700004300180180718b1972 xxu||||| |||| 00| 0 eng d aT34x5461 D378 aReport on the pilot survey of distributive tradecby Bureau of Econmics & Statistics, India aDelhibc1972 a94p aIndia. Bureau of Econmics & Statistics